000 00775nam a2200241Ia 4500
003 OSt
005 20221005083948.0
006 a|||||r|||| 00| 0
007 ta
008 221004b |||||||| |||| 00| 0 eng d
020 _a9780300137408 (hbk)
_c1297.60
024 _a107333
037 _b4023, 11/03/2011, Bharat Scientific Syndicate
_cTextual
040 _aCRL
_cCRL
_beng
041 _2eng
_aeng
082 _a2N7:(Z,2674), P8
100 _aBoyle James
_9250741
245 0 _aPublic domain
_b Enclosing the commons of the mind
260 _aNew Haven
_bYale University Press U.S.A
_c2008
300 _a315p.
_ccm.
942 _h2N7:(Z,2674), P8
_cTEXL
_2cc
999 _c991846
_d991846